Incentivos a la conservación en territorios colectivos: (Registro nro. 19814)

Detalles MARC
000 -CABECERA
Campo de control 01440nam a22003857a 4500
005 - FECHA Y HORA DE LA ULTIMA TRANSACCION
Campo de control 20170908135109.0
008 - ELEMENTOS DE LONGITUD FIJA—INFORMACION GENERAL
Campo de control 170908b2011 ck ||||| |||| 00| 0 spa d
020 ## - ISBN
ISBN 9789589365205
040 ## - FUENTE DE CATALOGACIÓN
Agencia catalogadora original CO-BoIAVH
Agencia transcriptora CO-BoIAVH
041 ## - IDIOMA
Código de idioma para texto/pista de sonido o título separado Español
044 ## - PAÍS DE PUBLICACIÓN
País de publicación Colombia
082 ## - NUMERO DE CLASIFICACION DECIMAL DEWEY
Número de clasificación 333.7316
Número del ítem R69i
100 ## - ASIENTO PRINCIPAL--NOMBRE PERSONAL
Nombre personal Macuna Andoque, Iris
9 (RLIN) 84170
245 10 - MENCION DE TITULO
Título Incentivos a la conservación en territorios colectivos:
Parte restante del título la visión de algunas comunidades Indígenas de la Amazonia Colombiana
260 ## - PUBLICACION, DISTRIBUCION, ETC. (PIE DE IMPRENTA)
Lugar de publicación, distribución, etc. Bogotá:
Nombre del editor, distribuidor, etc. Tropembos Internacional,
-- Patrimonio Natural, Fondo para la Biodiversidad y Áreas Protegidas,
Fecha de publicación, distribución, etc. 2011.
300 ## - DESCRIPCION FISICA
Extensión 87 páginas
650 14 - ASIENTO SECUNDARIO DE MATERIA - TERMINO TEMATICO
Término temático o nombre geográfico como elemento de entrada Economía Indígena
Subdivisión de forma Componentes tradicionales
9 (RLIN) 84171
650 14 - ASIENTO SECUNDARIO DE MATERIA - TERMINO TEMATICO
Término temático o nombre geográfico como elemento de entrada Servicios ambientales
Subdivisión de forma Beneficios de la naturaleza
9 (RLIN) 84172
650 14 - ASIENTO SECUNDARIO DE MATERIA - TERMINO TEMATICO
Término temático o nombre geográfico como elemento de entrada Manejo Chamánico
Subdivisión de forma Conocimiento tradicional
9 (RLIN) 84173
650 14 - ASIENTO SECUNDARIO DE MATERIA - TERMINO TEMATICO
Término temático o nombre geográfico como elemento de entrada Comunidades indígenas
Subdivisión de forma Costumbres
9 (RLIN) 84174
700 ## - ASIENTO SECUNDARIO - NOMBRE PERSONAL
Nombre personal Castro, Hernando
9 (RLIN) 84175
700 ## - ASIENTO SECUNDARIO - NOMBRE PERSONAL
Nombre personal Fuentes, Delcia
9 (RLIN) 84176
700 ## - ASIENTO SECUNDARIO - NOMBRE PERSONAL
Nombre personal Fuentes, Hector Francisco
9 (RLIN) 84177
700 ## - ASIENTO SECUNDARIO - NOMBRE PERSONAL
Nombre personal Fuentes, Hilda
9 (RLIN) 84178
700 ## - ASIENTO SECUNDARIO - NOMBRE PERSONAL
Nombre personal Matapi, Daniel
9 (RLIN) 324
700 ## - ASIENTO SECUNDARIO - NOMBRE PERSONAL
Nombre personal Matapi, Uldarico
9 (RLIN) 323
700 ## - ASIENTO SECUNDARIO - NOMBRE PERSONAL
Nombre personal Perez, Marco Antonio
9 (RLIN) 84179
700 ## - ASIENTO SECUNDARIO - NOMBRE PERSONAL
Nombre personal Pulido, Camilo
9 (RLIN) 84180
700 ## - ASIENTO SECUNDARIO - NOMBRE PERSONAL
Nombre personal Rodriguez, Adelaida
9 (RLIN) 84181
700 ## - ASIENTO SECUNDARIO - NOMBRE PERSONAL
Nombre personal Roman, Gilma
9 (RLIN) 84182
700 ## - ASIENTO SECUNDARIO - NOMBRE PERSONAL
Nombre personal Roman, Tomas
9 (RLIN) 84183
700 ## - ASIENTO SECUNDARIO - NOMBRE PERSONAL
Nombre personal Yanabe, Victor Raul
9 (RLIN) 84184
700 ## - ASIENTO SECUNDARIO - NOMBRE PERSONAL
Nombre personal Yucuna, Ana Maria
9 (RLIN) 84185
942 ## - ELEMENTOS ADICIONALES (KOHA)
Sistema de clasificación Dewey Decimal Classification
Tipo de ítem Libro
Existencias
Withdrawn status Lost status Sistema de Clasificación Damaged status No para préstamo Colección Inventariado Ubicación Permanente Ubicación actual Fecha de adquisición Fuente de Valor Valor Total Checkouts Número topográfico Inventario / Código de Barras Date last seen Ejemplar Price effective from Forma de adquisición Tipo de material
    Dewey Decimal Classification     General Inventariado 2017 Bogotá Bogotá 08/09/2017 Instituto 39000.00   LB-333.7316 R69i 042840 08/09/2017 Ej. 1 08/09/2017 Donación Libro